| 000 | 01234nam a2200289Ia 4500 | ||
|---|---|---|---|
| 999 |
_c5824 _d5824 |
||
| 003 | OSt | ||
| 005 | 20200624150918.0 | ||
| 008 | 191128s1968 sp gr 001 0 spa d | ||
| 040 |
_aCO-JMCR _cCO-JMCR |
||
| 041 | 1 |
_aspa _hfr |
|
| 082 | 0 | 4 |
_a330.15 / _bN216e _223 |
| 100 | 1 |
_aNapoleoni, Claudio, _eautor _94698 |
|
| 245 | 1 | 3 |
_aEl pensamiento económico en el siglo XX / _cClaudio Napoleoni ; versión castellana Alejandro Pedrós Abelló |
| 250 | _aSegunda edición | ||
| 260 |
_aEspaña : _bOikos-tau, _c1968 |
||
| 300 |
_a183 páginas ; _c20 cm. |
||
| 490 | 0 |
_aLibros de economía oikos ; _v3 |
|
| 500 | _aÍndice de páginas 182-183. | ||
| 505 | 0 | _aLa situación a principios de siglo: la teoría del equilibrio -- La sistematización epistemológica de Robbins y la economía del bienestar -- Schumpeter y la teoría del desarrollo económico -- La crítica de Sraffa y las nuevas teorías del mercado | |
| 534 | _pIl pensiero economico del 900 | ||
| 546 | _aTraducido del italiano | ||
| 650 | 1 | 4 |
_aPensamiento económico _ysiglo XX _95797 |
| 650 | 2 | 4 |
_aHistoria económica _ysiglo XX _95798 |
| 650 | 2 | 4 |
_aTeoría económica _ysiglo XX _95799 |
| 700 | 1 |
_aPedrós Abelló, Alejandro, _etraductor _95800 |
|
| 942 |
_2ddc _cBK |
||